00996 a2200253 4500003000500000005001700005008004100022010001600063020001500079040000600094082001200100100001700112245006600129250001200195260011900207300003300326440006100359500002000420501000800440505020700448538003000655650002300685650003400708NUST20171218124924.0171218b xxu||||| |||| 00| 0 eng d a 93011550 a0024041718 c000a808 ROZ1 aRoze, Maris.10aTechnical communication :bthe practical craft /cMaris Roze. a2nd ed. aNew York :bMerrill ;aToronto :bMaxwell Macmillan Canada ;aNew York :bMaxwell Macmillan International,cc1994. axii, 288p. :bill. ;c24 cm. 0aMerrill's international series in engineering technology aIncludes index. aP.B aDevelopment Methods (Page-21), Reports (Page-59), Correspondence (Page-133), Oral Communication (Page-159), Research And Development (Page-189), Grammer; Usage And Style (Page-213), Mechanics (Page-257) aAlmirah No.37, Shelf No.1 0aTechnical writing. 0aTelecommunication Engineering